=LDR 00000nam 2200000 4500 =001 INLIS000000000058530 =005 20210929103115 =035 ##$$a 0010-0921000334 =007 ta =008 210929###########################0#ind## =020 ##$$a 978-602-6724-00-7 =082 ##$$a 899.221 3 =084 ##$$a 899.122 3 Viv k =245 1#$$a Kamulah malaikat hatiku /$c Vivie =300 ##$$a 204 halaman : $b Ilustrasi ; $c 20 cm =650 #4$$a fiksi Indonesia =264 ##$$a jakarta :$b Cahaya Fiksi,$c 2017 =336 ##$$a teks$2 rdacontent =337 ##$$a lain-lain$2 rdamedia =338 ##$$a lain-lain$2 rdacarrier =990 ##$$a 13191319 =990 ##$$a 13191319